Detalles MARC
| 000 -LEADER |
| campo de control de longitud fija |
02344cam a22005174i 4500 |
| 003 - IDENTIFICADOR DE NÚMERO DE CONTROL |
| campo de control |
PE-LiUPU |
| 005 - FECHA Y HORA DE LA ÚLTIMA TRANSACCIÓN |
| campo de control |
20250731172831.0 |
| 008 - DATOS DE LONGITUD FIJA--INFORMACIÓN GENERAL |
| campo de control de longitud fija |
150821s2012 miu rb 001 0 eng d |
| 020 ## - NÚMERO INTERNACIONAL ESTÁNDAR DEL LIBRO |
| Número Internacional Estándar del Libro |
9780802866790 |
| 035 ## - NÚMERO DE CONTROL DEL SISTEMA |
| Número de control de sistema |
(Sirsi) i9780802866790 |
| 040 ## - FUENTE DE CATALOGACIÓN |
| Centro catalogador/agencia de origen |
PE-LiUPU |
| Lengua de catalogación |
spa |
| Centro/agencia modificador |
PE-LiUPU |
| Normas de descripción |
rda |
| 049 ## - FONDOS LOCALES (OCLC) |
| Biblioteca depositaria |
PRUA |
| 082 04 - NÚMERO DE LA CLASIFICACIÓN DECIMAL DEWEY |
| Número de clasificación |
221.44 |
| Cutter |
V25 |
| Número de edición |
23 |
| 100 1# - ENTRADA PRINCIPAL--NOMBRE DE PERSONA |
| Nombre de persona |
VanderKam, James C., |
| Término indicativo de función/relación |
autor. |
| 245 14 - MENCIÓN DEL TÍTULO |
| Título |
The Dead Sea scrolls and the Bible / |
| Mención de responsabilidad, etc. |
James C. VanderKam. |
| 264 #1 - PRODUCCIÓN, PUBLICACIÓN, DISTRIBUCIÓN, FABRICACIÓN Y COPYRIGHT |
| Producción, publicación, distribución, fabricación y copyright |
Grand Rapids, Michigan : |
| Nombre del de productor, editor, distribuidor, fabricante |
William B. Eerdmans Publishing Company, |
| Fecha de producción, publicación, distribución, fabricación o copyright |
2012. |
| 300 ## - DESCRIPCIÓN FÍSICA |
| Extensión |
xiv, 188 páginas ; |
| Dimensiones |
24 centímetros |
| 336 ## - TIPO DE CONTENIDO |
| Término de tipo de contenido |
text |
| Fuente |
rdacontent |
| 337 ## - TIPO DE MEDIO |
| Nombre/término del tipo de medio |
unmediated |
| Fuente |
rdamedia |
| 338 ## - TIPO DE SOPORTE |
| Nombre/término del tipo de soporte |
volume |
| Fuente |
rdacarrier |
| 504 ## - NOTA DE BIBLIOGRAFÍA, ETC. |
| Nota de bibliografía, etc. |
Bibliografía : páginas 167-182. |
| 504 ## - NOTA DE BIBLIOGRAFÍA, ETC. |
| Nota de bibliografía, etc. |
Índice : páginas 183-188. |
| 505 0# - NOTA DE CONTENIDO CON FORMATO |
| Nota de contenido con formato |
The "Biblical" scrolls and their implications -- Commentary on older scripture in the scrolls -- Authoritative literature according to the scrolls -- New copies of old texts -- Groups and group controversies in the scrolls -- The Dead Sea scrolls and the New Testament Gospels -- The Dead Sea scrolls, the Acts of the Apostles, and the letters of Paul. |
| 526 ## - NOTA DE INFORMACIÓN SOBRE EL PROGRAMA DE ESTUDIO |
| Nombre del programa |
Segunda Especialidad En Profecías Bíblicas |
| 526 ## - NOTA DE INFORMACIÓN SOBRE EL PROGRAMA DE ESTUDIO |
| Nombre del programa |
Segunda Especialidad En Nuevo Testamento |
| 526 ## - NOTA DE INFORMACIÓN SOBRE EL PROGRAMA DE ESTUDIO |
| Nombre del programa |
Segunda Especialidad En Antiguo Testamento |
| 526 ## - NOTA DE INFORMACIÓN SOBRE EL PROGRAMA DE ESTUDIO |
| Nombre del programa |
Segunda Especialidad En Estudios Adventistas |
| 526 ## - NOTA DE INFORMACIÓN SOBRE EL PROGRAMA DE ESTUDIO |
| Nombre del programa |
Doctorado en teología |
| 526 ## - NOTA DE INFORMACIÓN SOBRE EL PROGRAMA DE ESTUDIO |
| Nombre del programa |
Maestría en teología histórica |
| 526 ## - NOTA DE INFORMACIÓN SOBRE EL PROGRAMA DE ESTUDIO |
| Nombre del programa |
Maestría en teología bíblica |
| 526 ## - NOTA DE INFORMACIÓN SOBRE EL PROGRAMA DE ESTUDIO |
| Nombre del programa |
Maestría en teología |
| 526 ## - NOTA DE INFORMACIÓN SOBRE EL PROGRAMA DE ESTUDIO |
| Nombre del programa |
Maestría en misionología |
| 526 ## - NOTA DE INFORMACIÓN SOBRE EL PROGRAMA DE ESTUDIO |
| Nombre del programa |
Maestría en liderazgo eclesiástico |
| 526 ## - NOTA DE INFORMACIÓN SOBRE EL PROGRAMA DE ESTUDIO |
| Nombre del programa |
Teología |
| 596 ## - |
| -- |
1 |
| 650 #4 - PUNTO DE ACCESO ADICIONAL DE MATERIA--TÉRMINO DE MATERIA |
| Término de materia o nombre geográfico como elemento de entrada |
Judaísmo |
| Subdivisión general |
Historia |
| Subdivisión cronológica |
Periodo post-exilio, 586 aC-210 dC. |
| 650 #4 - PUNTO DE ACCESO ADICIONAL DE MATERIA--TÉRMINO DE MATERIA |
| Término de materia o nombre geográfico como elemento de entrada |
Rollos del Mar Muerto |
| Subdivisión general |
Relación con el Antiguo Testamento. |
| 650 #4 - PUNTO DE ACCESO ADICIONAL DE MATERIA--TÉRMINO DE MATERIA |
| Término de materia o nombre geográfico como elemento de entrada |
Rollos del Mar Muerto |
| Subdivisión general |
Relación con el Nuevo Testamento. |
| 650 #4 - PUNTO DE ACCESO ADICIONAL DE MATERIA--TÉRMINO DE MATERIA |
| Término de materia o nombre geográfico como elemento de entrada |
Rollos del Mar Muerto. |
| 9 (RLIN) |
4334 |
| 910 ## - DATOS DE OPCIÓN DEL USUARIO (OCLC) |
| Datos de opción del usuario |
aas |
| -- |
jck |
| -- |
aas |
| -- |
20150821 |
| 942 ## - ELEMENTOS DE ENTRADA SECUNDARIOS (KOHA) |
| Fuente del sistema de clasificación o colocación |
Clasificación Decimal Dewey |
| Tipo de ítem Koha |
|
| 949 ## - PROCESAMIENTO DE INFORMACIÓN LOCAL (OCLC) |
| a |
PGT 221.44 V25 |
| w |
DEWEY |
| c |
1 |
| i |
71748 |
| d |
2017-1-2 |
| e |
2017-1-2 |
| k |
CHECKEDOUT |
| l |
CCODEBUL1 |
| m |
BUL |
| n |
1 |
| p |
16.00 |
| r |
M |
| s |
Y |
| t |
BOOK |
| u |
2015-8-21 |
| x |
TEOLOGIA |
| -- |
P85 |
| 0 |
COMPRA |
| o |
.CIRCNOTE. No olvidar cambiar la fecha de devolución!!!!!!! |
| -- |
.STAFF. Posgrado |
| 994 ## - |
| -- |
C0 |
| -- |
PEPRU |
| 999 ## - NÚMEROS DE CONTROL DE SISTEMA (KOHA) |
| -- |
DEWEY |
| -- |
71748 |
| -- |
2017-1-2 |
| -- |
2021-11-9 |
| -- |
5 |
| -- |
CHECKEDOUT |
| -- |
CCODEBUL1 |
| -- |
BUL |
| -- |
1 |
| -- |
16.00 |
| -- |
0 |
| -- |
Y |
| -- |
BOOK |
| -- |
2015-8-21 |
| -- |
TEOLOGIA |
| -- |
P85 |
| -- |
COMPRA |
| -- |
.CIRCNOTE. No olvidar cambiar la fecha de devolución!!!!!!! |
| -- |
.STAFF. Colección Teología |
| 980 ## - EQUIVALENCIA O REFERENCIA-CRUZADA-MENCIÓN DE SERIE--NOMBRE DE PERSONA/TÍTULO [LOCAL, CANADÁ] |
| ID del último usuario que modificó el registro |
1 |
| Nombre del último usuario que modificó el registro |
ALBERTO SANCHEZ Responsable de Automatización |